Central Library OPAC University of Rajshahi

The American Henry James / (Record no. 16899)

MARC details
000 -LEADER
fixed length control field 00934cam a22002771 4500
001 - CONTROL NUMBER
control field 16899
003 - CONTROL NUMBER IDENTIFIER
rucl marc code BD-RjUL
005 - DATE AND TIME OF LATEST TRANSACTION
control field 20211209000050.0
008 - FIXED-LENGTH DATA ELEMENTS--GENERAL INFORMATION
fixed length control field 140215s1958 nju b 001 0 eng d
035 ## - SYSTEM CONTROL NUMBER
System control number (BD-RjUL)16954
System control number (OCoLC)274227
040 ## - CATALOGING SOURCE
Original cataloging agency DLC
Transcribing agency ODaWU
Modifying agency OCoLC
-- DLC
-- BD-RjUL
Language of cataloging eng
041 ## - LANGUAGE CODE
Language code of text/sound track or separate title eng
082 ## - DEWEY DECIMAL CLASSIFICATION NUMBER
Classification number 813.46
Author mark and year ANA 1958
100 1# - MAIN ENTRY--PERSONAL NAME
Personal name Anderson, Quentin,
Dates associated with a name 1912-
9 (RLIN) 52160
245 14 - TITLE STATEMENT
Title The American Henry James /
Statement of responsibility, etc. Quentin, Anderson
260 ## - PUBLICATION, DISTRIBUTION, ETC. (IMPRINT)
Place of publication, distribution, etc. New Brunswick, N.J. :
Name of publisher, distributor, etc. Rutgers University Press,
Date of publication, distribution, etc. 1958.
300 ## - PHYSICAL DESCRIPTION
Pagination xiii, 369 p. ;
Size 22 cm.
500 ## - GENERAL NOTE
General note Issued also as thesis, Columbia University, in microfilm form.
504 ## - BIBLIOGRAPHY, ETC. NOTE
Bibliography, etc Bibliography: p. [355]-361. and Index
600 10 - SUBJECT ADDED ENTRY--PERSONAL NAME
Personal name James, Henry,
Dates associated with a name 1843-1916
General subdivision Knowledge
-- United States.
650 #0 - SUBJECT ADDED ENTRY--TOPICAL TERM
Topical term or geographic name as entry element National characteristics, American, in literature.
9 (RLIN) 51807
942 ## - ADDED ENTRY ELEMENTS (KOHA)
Source of classification or shelving scheme Dewey Decimal Classification
Koha item type Books
Holdings
Lost status Source of classification or shelving scheme Damaged status Not for loan Collection code Permanent Location Current Location Shelving location Date acquired Source of acquisition Cost, normal purchase price Total Checkouts Full call number Date last seen Copy number Koha item type
  Dewey Decimal Classification   Not For Loan Non-fiction Central Library, University of Rajshahi Central Library, University of Rajshahi Reading Room 06/04/1964 Zeithlinger. 25.00   813.46 ANA 1958 15/02/2014 C-1 Books